Proceedings of information service to social scientists: an user oriented approach (Record no. 18551)

MARC details
000 -LEADER
fixed length control field 00612nam a2200181Ia 4500
082 ## - DEWEY DECIMAL CLASSIFICATION NUMBER
Classification number RR 026.715 ICS-P
245 #0 - TITLE STATEMENT
Title Proceedings of information service to social scientists: an user oriented approach
260 ## - PUBLICATION, DISTRIBUTION, ETC. (IMPRINT)
Place of publication New Delhi
Name of publisher Indian Council of Social Science Research
Year of publication 2004
300 ## - PHYSICAL DESCRIPTION
Number of Pages vi, 42
504 ## - BIBLIOGRAPHY, ETC. NOTE
Bibliography, etc Includes appendices
650 ## - SUBJECT ADDED ENTRY--TOPICAL TERM
Topical Term Information services
Form subdivision India
650 ## - SUBJECT ADDED ENTRY--TOPICAL TERM
Topical Term Reference services (libraries)
Form subdivision India
650 ## - SUBJECT ADDED ENTRY--TOPICAL TERM
Topical Term Social sciences
Form subdivision Research
-- India
650 ## - SUBJECT ADDED ENTRY--TOPICAL TERM
Topical Term Documentation
Form subdivision India
650 ## - SUBJECT ADDED ENTRY--TOPICAL TERM
Topical Term Research
Form subdivision India
710 ## - ADDED ENTRY--CORPORATE NAME
Corporate name or jurisdiction name as entry element ICSSR-NASSDOC interactive workshop
942 ## - ADDED ENTRY ELEMENTS (KOHA)
Koha item type Books
Source of classification or shelving scheme Dewey Decimal Classification
Holdings
Withdrawn status Lost status Damaged status Not for loan Home library Current library Date acquired Bill Date Full call number Accession Number Price effective from Koha item type
        NASSDOC Library NASSDOC Library 09/09/2004 2004-10-05 RR 026.715 ICS-P 39874 18/04/2019 Books
        NASSDOC Library NASSDOC Library 09/09/2004 2004-10-05 RR 026.715 ICS-P 39875 18/04/2019 Books